Hrozby a nádeje ľudstva : (Record no. 20126)
[ view plain ]
| 000 -LEADER | |
|---|---|
| fixed length control field | 01031nam a22002891 4500 |
| 001 - CONTROL NUMBER | |
| control field | 20126 |
| 003 - CONTROL NUMBER IDENTIFIER | |
| control field | CZ PrNK |
| 005 - DATE AND TIME OF LATEST TRANSACTION | |
| control field | 20260116145535.0 |
| 008 - FIXED-LENGTH DATA ELEMENTS--GENERAL INFORMATION | |
| fixed length control field | 020331s1961 xo e 01| 0 slo |
| 040 ## - CATALOGING SOURCE | |
| Original cataloging agency | ABA001 |
| Language of cataloging | cze |
| Transcribing agency | ABA001 |
| Modifying agency | ABA001 |
| 072 #7 - SUBJECT CATEGORY CODE | |
| Subject category code | 72/76 |
| Subject category code subdivision | Výtvarné umění |
| Source | Konspekt |
| 080 ## - UNIVERSAL DECIMAL CLASSIFICATION NUMBER | |
| Universal Decimal Classification number | 72/76 |
| Edition identifier | MRF |
| 080 ## - UNIVERSAL DECIMAL CLASSIFICATION NUMBER | |
| Universal Decimal Classification number | 72/76.092 |
| Edition identifier | MRF |
| 080 ## - UNIVERSAL DECIMAL CLASSIFICATION NUMBER | |
| Universal Decimal Classification number | (082) |
| Edition identifier | MRF |
| 245 00 - TITLE STATEMENT | |
| Title | Hrozby a nádeje ľudstva : |
| Remainder of title | súťaž k 15. výročiu Slovenského národného povstania / |
| Statement of responsibility, etc. | úvodný text napísal a výber veršóv previedol Juraj Špitzer |
| 250 ## - EDITION STATEMENT | |
| Edition statement | 1. vyd. |
| 260 ## - PUBLICATION, DISTRIBUTION, ETC. | |
| Place of publication, distribution, etc. | Bratislava : |
| Name of publisher, distributor, etc. | Vydav. Slov. fondu výtvarných umení, |
| Date of publication, distribution, etc. | 1961 |
| 300 ## - PHYSICAL DESCRIPTION | |
| Extent | 123 s. : |
| Other physical details | 86 barev. obr. příl. ; |
| Dimensions | 4° |
| 490 1# - SERIES STATEMENT | |
| Series statement | Sborníky ; |
| Volume/sequential designation | zv. 1 |
| 650 07 - SUBJECT ADDED ENTRY--TOPICAL TERM | |
| Topical term or geographic name entry element | výtvarné umění |
| Source of heading or term | czenas |
| 650 07 - SUBJECT ADDED ENTRY--TOPICAL TERM | |
| Topical term or geographic name entry element | výtvarné soutěže |
| Source of heading or term | czenas |
| 655 #7 - INDEX TERM--GENRE/FORM | |
| Genre/form data or focus term | sborníky |
| Source of term | czenas |
| 700 1# - ADDED ENTRY--PERSONAL NAME | |
| Personal name | Špitzer, Juraj, |
| Dates associated with a name | 1919-1995 |
| Relationship | aui |
| -- | com |
| 830 #0 - SERIES ADDED ENTRY--UNIFORM TITLE | |
| Uniform title | Sborníky (Vydavateľstvo Slovenského fondu výtvarných umení) |
| 910 ## - USER-OPTION DATA (OCLC) | |
| User-option data | ABA001 |
| 942 ## - ADDED ENTRY ELEMENTS (KOHA) | |
| Source of classification or shelving scheme | Dewey Decimal Classification |
| Koha item type | Odborná literatúra pre dospelých |
| Suppress in OPAC | No |
| Stav vyradenia | Strata | Poškodenie | Spôsob nadobudnutia | Domovská knižnica | Aktuálna knižnica | Dátum nadobudnutia | Total checkouts | Čiarový kód exemplára | Date last seen | Typ exemplára |
|---|---|---|---|---|---|---|---|---|---|---|
| Dar | Obecná knižnica Horná Štubňa | Obecná knižnica Horná Štubňa | 16.01.2026 | 4736200119 | 16.01.2026 | Odborná literatúra pre dospelých |
